00895nam a2200265 i 4500003000900000005001700009007000300026008004100029040003000070041000800100082001700108100003700125245004100162264005200203300004300255336002700298337003400325338002800359500006000387590002600447910001500473942001400488952011000502999001700612DO-SdBNP20251126132628.0ta251126b200? dr a|||| |||| 00| 0 spa d aDO-SdBNPbspacBNPHUerda aspa 4axxxbxxx222 aOliva, Daisyeautor4aut.98883100aFé, romance y mundo /cDaisy Oliva 1aSanto Domingo :beditor no identificado,c200?. a84 páginas :bilustraciones,c23 cm. atextobtxt2rdacontent asin mediación bn2rdamedia avolumenbnc2rdacarrier aIncluye datos biográficos del autor en la página 83 aInventariado, 2025/BT aBtavárez 2ddccLBS1 00102ddc51708PDaBNPHUbBNPHUcCTd2025-11-26l0oBNPHU PD p2025-13530r2025-11-26w2025-11-26yLBS1 c60076d60076